| 000 | 02200nam a2200457 i 4500 | ||
|---|---|---|---|
| 001 | 20865148 | ||
| 003 | EG-ScBUE | ||
| 005 | 20230306052513.0 | ||
| 008 | 190225t2019 caua f 001 0 eng d | ||
| 020 | _a9780135261781 | ||
| 020 | _a0135261783 | ||
| 035 | _a(OCoLC)on1050961004 | ||
| 040 |
_aYDX _beng _erda _cYDX _dJQM _dIBI _dOQX _dOCLCF _dDLC _dEG-ScBUE |
||
| 082 | 0 | 4 |
_a006.686 _222 _bFAU |
| 100 | 1 |
_aFaulkner, Andrew, _eauthor. |
|
| 245 | 1 | 0 |
_aAdobe Photoshop CC / _cAndrew Faulkner and Conrad Chavez. |
| 264 | 1 |
_aSan Jose, California : _bAdobe Systems Incorporated, _c[2019] |
|
| 264 | 4 | _cc2019 | |
| 300 |
_aviii, 405 pages : _bcolor illustrations ; _c24 cm. |
||
| 336 |
_atext _btxt _2rdacontent |
||
| 337 |
_aunmediated _bn _2rdamedia |
||
| 338 |
_avolume _bnc _2rdacarrier |
||
| 490 | 0 | _aClassroom in a book | |
| 500 | _a"The official training workbook from Adobe." | ||
| 500 | _aIncludes index. | ||
| 500 | _aIncludes Appendices. | ||
| 505 | 0 | _aGetting to know the work area -- Basic photo corrections -- Working with selections -- Layer basics -- Quick fixes -- Masks and channels -- Typographic design -- Vector drawing techniques -- Advanced compositing -- Painting with the mixer brush -- Editing video -- Working with camera raw -- Preparing files for the web -- Producing and printing consistent color -- Printing 3D files. | |
| 520 | _aThe fastest, easiest, most comprehensive way to learn Adobe Photoshop CC. Classroom in a Book, the best-selling series of hands-on software training workbooks, offers what no other book or training program does - an official training series from Adobe, developed with the support of Adobe product experts. | ||
| 630 | 0 | 7 |
_aAdobe Photoshop. _2BUEsh |
| 650 | 7 |
_aImage processing _xDigital techniques. _2BUEsh |
|
| 650 | 7 |
_aPhotography _xDigital techniques. _2BUEsh |
|
| 650 | 7 |
_aCloud computing. _2BUEsh |
|
| 650 | 7 |
_aComputer graphics. _2BUEsh |
|
| 653 |
_bCOMSCI _cMarch2023 |
||
| 655 | _vReading book | ||
| 700 | 1 |
_aChavez, Conrad, _eauthor. |
|
| 906 |
_a7 _bcbc _ccopycat _d2 _encip _f20 _gy-gencatlg |
||
| 942 |
_2ddc _cBB |
||
| 999 |
_c30214 _d30185 |
||